000 00795nam a22002417a 4500
999 _c15592
_d15592
003 AR-CdUCM
008 190429b ||||| |||| 00| 0 spa d
040 _aMUNICIPALIDAD PROVINCIAL DEL CUSCO
_cBIBLIOTECA MUNICIPAL DEL CUSCO
082 _a869.56 /
_bSE38 / 1960
245 _aSemilla en el Paisaje /
260 _aTrujillo :
_bImp. Moreno,
_c1960.
300 _c24 cm.
440 _aCuadernos Trimestrales de Poesía.
_n26
_934717
505 _aContenido: Poesía.
650 _aLiteratura Peruana
_9132
650 _aSiglo XX
_98
650 _aPoesías
_92272
700 _aCorcuera, Marco Antonio (director)
_934718
710 _aAlmacenes Leon S.A.
_934719
710 _aEmpresa de Transporte Perú Express (auspiciadores)
_934720
942 _2ddc
_cLIBROS
945 _aachl
_d2019-04-29